000 00340nam a2200157Ia 4500
003 Ost
005 20260225132551.0
008 260225s9999||||xx |||||||||||||| ||und||
040 _cfsic
041 _afre
082 _a920
100 _aGeorge sadaul
_eAuteur
245 0 _aVie de chartot /
245 0 _cGeorge sadaul
942 _cكتاب
999 _c34136
_d34136